[Event "TUR-chT 2nd League"]
[Site "Denizli"]
[Date "2023.07.10"]
[Round "2.115"]
[White "Bese, Irem"]
[Black "Kaygisiz, Ilayda"]
[Result "1/2-1/2"]
[WhiteElo "1703"]
[BlackElo "1716"]
[PlyCount "81"]
[EventDate "2023.07.09"]
[EventType "team-swiss"]
[EventRounds "9"]
[EventCountry "TUR"]
[SourceTitle "CBM 215 Extra"]
[Source "ChessBase"]
[SourceDate "2023.09.30"]
[SourceVersion "1"]
[SourceVersionDate "2023.09.30"]
[SourceQuality "1"]
[WhiteTeam "Altinkale Kultur"]
[BlackTeam "Denizli Ihtisas"]
[WhiteTeamCountry "TUR"]
[BlackTeamCountry "TUR"]

1. c4 e5 2. Nc3 Nf6 3. Nf3 Nc6 4. e4 Bc5 5. Nxe5 Nxe5 6. d4 Bb4 7. dxe5 Nxe4 8. Qf3 d5 9. exd6 Nxd6 10. a3 Bc5 11. Bd3 Qe7+ 12. Qe2 Qxe2+ 13. Nxe2 a5 14. Bf4 Be6 15. Rc1 0-0 16. 0-0 Rfd8 17. Bxd6 Bxd6 18. Be4 Be5 19. Rc2 c6 20. f4 Bd4+ 21. Kh1 f5 22. Bf3 Bc5 23. Re1 Bf2 24. Rf1 Bc5 25. Re1 Kf7 26. h3 Bf2 27. Rf1 Be3 28. Re1 Bd4 29. Rd1 Bf6 30. Re1 Rd3 31. Nc1 Rd4 32. Rd1 Rad8 33. Rxd4 Rxd4 34. Nb3 Rxc4 35. Rxc4 Bxc4 36. Nxa5 Ba6 37. b4 Bb2 38. a4 Bc3 39. b5 cxb5 40. axb5 Bxa5 41. bxa6 1/2-1/2

[Event "TUR-ch (Women)"]
[Site "Ayvalik"]
[Date "2022.03.09"]
[Round "6"]
[White "Onur, Cigdem"]
[Black "Bese, Irem"]
[Result "1-0"]
[WhiteElo "2012"]
[BlackElo "1737"]
[PlyCount "51"]
[EventDate "2022.03.05"]
[EventType "swiss"]
[EventRounds "9"]
[EventCountry "TUR"]
[SourceTitle "EXT 2023"]
[Source "ChessBase"]
[SourceDate "2022.10.05"]
[SourceVersion "1"]
[SourceVersionDate "2022.10.05"]
[SourceQuality "1"]

1. e4 c5 2. Nf3 e6 3. d4 cxd4 4. Nxd4 a6 5. c4 Nf6 6. Nc3 Bb4 7. Bd2 Qc7 8. Bd3 0-0 9. 0-0 Bc5 10. Nb3 Ba7 11. Bg5 Qe5 12. Qd2 Nc6 13. Kh1 Nd4 14. f4 Nxb3 15. axb3 Qd4 16. Bxf6 gxf6 17. Rf3 Kh8 18. Ne2 Qc5 19. Ra5 Qe7 20. Rh5 Rg8 21. Rfh3 Rg7 22. Qe1 f5 23. exf5 f6 24. fxe6 dxe6 25. Bxh7 Rxh7 26. Qh4 1-0

[Event "TUR-ch (Women)"]
[Site "Corum"]
[Date "2021.06.14"]
[Round "2"]
[White "Bese, Irem"]
[Black "Ince, Safiye Oyku"]
[Result "1-0"]
[WhiteElo "1574"]
[BlackElo "2010"]
[PlyCount "123"]
[EventDate "2021.06.13"]
[EventType "swiss"]
[EventRounds "7"]
[EventCountry "TUR"]
[SourceTitle "CBM 203 Extra"]
[Source "ChessBase"]
[SourceDate "2021.09.30"]
[SourceVersion "1"]
[SourceVersionDate "2021.09.30"]
[SourceQuality "1"]

1. e4 c5 2. Nf3 e6 3. d4 cxd4 4. Nxd4 Nc6 5. Nc3 Qc7 6. g3 a6 7. Bg2 d6 8. 0-0 Bd7 9. Be3 Be7 10. Qd2 Ne5 11. Rad1 Nc4 12. Qc1 Rc8 13. Nde2 Nf6 14. h3 b5 15. a3 a5 16. Bf4 b4 17. axb4 axb4 18. Nb1 0-0 19. Nd2 Nb6 20. Be3 d5 21. Bxb6 Qxb6 22. e5 Ne8 23. Nb3 Bb5 24. Rfe1 Bc4 25. Ned4 f5 26. Qd2 Nc7 27. Ra1 Bxb3 28. Nxb3 Nb5 29. Bf1 Nc7 30. Ra4 g5 31. Rea1 Rf7 32. Nd4 g4 33. h4 f4 34. gxf4 Bc5 35. Ra6 Nxa6 36. Rxa6 Qd8 37. Nxe6 Qxh4 38. Nxc5 Rxc5 39. e6 Rf8 40. Qe3 Rc7 41. Qe5 Rxc2 42. Qe3 d4 43. Qg3 Qh5 44. e7 Rfc8 45. Ra7 Rxb2 46. Rd7 Re8 47. Qd3 Qc5 48. Qe4 Kg7 49. Bd3 Qc1+ 50. Kg2 Rxf2+ 51. Kxf2 g3+ 52. Kxg3 Qg1+ 53. Kh4 Qh2+ 54. Kg4 h5+ 55. Kf5 Qh3+ 56. Ke5 Qe3 57. f5 Qf2 58. Ke6 Qa2+ 59. Qd5 Qh2 60. Qxd4+ Kg8 61. Qf6 Qa2+ 62. Rd5 1-0

[Event "TUR-ch (Women)"]
[Site "Corum"]
[Date "2021.06.13"]
[Round "1"]
[White "Duran, Esma Doga"]
[Black "Bese, Irem"]
[Result "1-0"]
[WhiteElo "1938"]
[BlackElo "1574"]
[PlyCount "55"]
[EventDate "2021.06.13"]
[EventType "swiss"]
[EventRounds "7"]
[EventCountry "TUR"]
[SourceTitle "CBM 203 Extra"]
[Source "ChessBase"]
[SourceDate "2021.09.30"]
[SourceVersion "1"]
[SourceVersionDate "2021.09.30"]
[SourceQuality "1"]

1. d4 Nf6 2. c4 g6 3. Nf3 Bg7 4. g3 0-0 5. Bg2 d6 6. 0-0 Nbd7 7. Nc3 e5 8. e4 exd4 9. Nxd4 Re8 10. Re1 Nc5 11. h3 Bd7 12. b3 a5 13. Bb2 Qc8 14. Kh2 a4 15. Rb1 axb3 16. axb3 Ne6 17. Nxe6 Bxe6 18. f4 Nd7 19. Qc2 f5 20. Ra1 Rxa1 21. Bxa1 Qa8 22. Nb5 Qa5 23. Bxg7 Kxg7 24. Qb2+ Kf7 25. b4 Qb6 26. exf5 gxf5 27. Rxe6 Kxe6 28. Qg7 1-0

[Event "TUR-chT 2nd League"]
[Site "Konya"]
[Date "2018.07.20"]
[Round "7.3"]
[White "Kose, Ulya"]
[Black "Bese, Irem"]
[Result "1-0"]
[WhiteElo "1579"]
[BlackElo "1595"]
[PlyCount "63"]
[EventDate "2018.07.16"]
[EventType "team-swiss"]
[EventRounds "9"]
[EventCountry "TUR"]
[SourceTitle "EXT 2019"]
[Source "ChessBase"]
[SourceDate "2018.10.10"]
[SourceVersion "1"]
[SourceVersionDate "2018.10.10"]
[SourceQuality "1"]
[WhiteTeam "Koroglu Dernegi"]
[BlackTeam "Pendik Dernegi"]
[WhiteTeamCountry "TUR"]
[BlackTeamCountry "TUR"]

1. e4 e6 2. d4 d5 3. Nd2 c5 4. exd5 Qxd5 5. Ngf3 cxd4 6. Bc4 Qd7 7. 0-0 Nc6 8. Nb3 Nf6 9. Nbxd4 Nxd4 10. Nxd4 a6 11. Re1 Be7 12. c3 b5 13. Bd3 Bb7 14. Bf4 0-0 15. Bc2 Qd5 16. f3 Kh8 17. Be5 Rad8 18. Qd3 g6 19. Qe3 Kg7 20. h4 h5 21. Qg5 Rc8 22. f4 Rh8 23. Be4 Qd7 24. Bxb7 Qxb7 25. f5 Qb6 26. Kh1 Rce8 27. Nxe6+ fxe6 28. Qxg6+ Kf8 29. Bxf6 Bxf6 30. Qxf6+ Kg8 31. fxe6 Rh7 32. Qg6+ 1-0

[Event "TUR-ch (Women)"]
[Site "Antalya"]
[Date "2018.03.09"]
[Round "8"]
[White "Ince, Safiye Oyku"]
[Black "Bese, Irem"]
[Result "1-0"]
[WhiteElo "1792"]
[BlackElo "1512"]
[PlyCount "61"]
[EventDate "2018.03.05"]
[EventType "swiss"]
[EventRounds "9"]
[EventCountry "TUR"]
[SourceTitle "CBM 183 Extra"]
[Source "ChessBase"]
[SourceDate "2018.04.19"]
[SourceVersion "1"]
[SourceVersionDate "2018.04.19"]
[SourceQuality "1"]

1. e4 e6 2. b3 d5 3. Bb2 dxe4 4. Qe2 Nf6 5. Nc3 Bb4 6. 0-0-0 Qe7 7. g4 Rg8 8. g5 Nd5 9. Qh5 Bxc3 10. dxc3 Nc6 11. c4 Nb6 12. Qxh7 Qxg5+ 13. Kb1 Ne7 14. Qxe4 Nc6 15. Nf3 Qe7 16. Qh7 Qf8 17. Rg1 g6 18. Qh4 Bd7 19. Nd2 Qe7 20. Qg3 0-0-0 21. Bg2 Kb8 22. Rge1 Nc8 23. Ne4 e5 24. Nc3 f6 25. f4 Qg7 26. fxe5 fxe5 27. Nb5 a6 28. Bxc6 Bxc6 29. Rxd8 Rxd8 30. Bxe5 Qf7 31. Bxc7+ 1-0

[Event "TUR-ch (Women)"]
[Site "Antalya"]
[Date "2018.03.08"]
[Round "6"]
[White "Piskinpasa, Cagla"]
[Black "Bese, Irem"]
[Result "0-1"]
[WhiteElo "1139"]
[BlackElo "1512"]
[PlyCount "54"]
[EventDate "2018.03.05"]
[EventType "swiss"]
[EventRounds "9"]
[EventCountry "TUR"]
[SourceTitle "CBM 183 Extra"]
[Source "ChessBase"]
[SourceDate "2018.04.19"]
[SourceVersion "1"]
[SourceVersionDate "2018.04.19"]
[SourceQuality "1"]

1. e4 e6 2. d4 d5 3. exd5 exd5 4. Bd3 Nf6 5. h3 Be7 6. Nf3 0-0 7. 0-0 Nbd7 8. Nbd2 b6 9. c3 Bb7 10. Re1 Rc8 11. Nf1 Ne4 12. Ng3 f5 13. Qb3 Kh8 14. c4 dxc4 15. Bxc4 Nxg3 16. fxg3 Nf6 17. Ng5 Qxd4+ 18. Be3 Qd6 19. Nf7+ Rxf7 20. Bxf7 Qxg3 21. Qc2 Bd6 22. Bc4 Qh2+ 23. Kf1 Bb4 24. Rec1 Ne4 25. Ke2 Qxg2+ 26. Kd1 Rd8+ 27. Bd3 Qf1# 0-1

[Event "TUR-ch (Women)"]
[Site "Antalya"]
[Date "2018.03.07"]
[Round "5"]
[White "Bese, Irem"]
[Black "Aydin, Leyla"]
[Result "1-0"]
[WhiteElo "1512"]
[BlackElo "1381"]
[PlyCount "89"]
[EventDate "2018.03.05"]
[EventType "swiss"]
[EventRounds "9"]
[EventCountry "TUR"]
[SourceTitle "CBM 183 Extra"]
[Source "ChessBase"]
[SourceDate "2018.04.19"]
[SourceVersion "1"]
[SourceVersionDate "2018.04.19"]
[SourceQuality "1"]

1. e4 e5 2. Nf3 Nc6 3. Bb5 Nf6 4. 0-0 a6 5. Ba4 Be7 6. d3 b5 7. Bb3 0-0 8. c3 d6 9. h3 Na5 10. Bc2 c5 11. d4 Nc6 12. Be3 Bb7 13. d5 Nb8 14. Re1 Nbd7 15. Nbd2 Re8 16. Nf1 Nf8 17. Ng3 Ng6 18. Qd2 Bc8 19. b3 a5 20. a4 b4 21. cxb4 axb4 22. Bd3 Ba6 23. Bxa6 Rxa6 24. Qd3 Qb6 25. Nd2 Qb7 26. Nf5 Nh5 27. g3 Nf6 28. Kh2 Bf8 29. Nc4 Rd8 30. Bg5 Be7 31. Nxe7+ Nxe7 32. Bxf6 gxf6 33. f4 Raa8 34. Qf3 h6 35. Qh5 Kg7 36. Rf1 Ng8 37. Ne3 Kf8 38. fxe5 fxe5 39. Nf5 Rac8 40. Nxh6 Nxh6 41. Qxh6+ Ke7 42. Rxf7+ Kxf7 43. Qh7+ Ke8 44. Qxb7 c4 45. Rf1 1-0

[Event "TUR-ch (Women)"]
[Site "Antalya"]
[Date "2018.03.05"]
[Round "1"]
[White "Bese, Irem"]
[Black "Ince, Fatma Ovgum"]
[Result "1-0"]
[WhiteElo "1512"]
[BlackElo "1060"]
[PlyCount "31"]
[EventDate "2018.03.05"]
[EventType "swiss"]
[EventRounds "9"]
[EventCountry "TUR"]
[SourceTitle "CBM 183 Extra"]
[Source "ChessBase"]
[SourceDate "2018.04.19"]
[SourceVersion "1"]
[SourceVersionDate "2018.04.19"]
[SourceQuality "1"]

1. d4 d5 2. e3 Nf6 3. Bd3 e6 4. f4 Be7 5. Nd2 0-0 6. Ngf3 Nbd7 7. 0-0 b6 8. Ne5 Bb7 9. Qf3 c5 10. c3 c4 11. Bc2 Nxe5 12. fxe5 Nd7 13. Nxc4 f6 14. Qh3 dxc4 15. Qxh7+ Kf7 16. Bg6# 1-0